| 000 | 00669nam a2200229Ia 4500 | ||
|---|---|---|---|
| 001 | 2518 | ||
| 003 | GE_BSU | ||
| 008 | 181216s||||||||xx |||||||||||||| ||und|| | ||
| 020 | _a5520015902 | ||
| 040 | _cGE_BSU | ||
| 080 | _a159.954.2 | ||
| 245 | _aფსიქოანალიზი. | ||
| 245 | _bთარგმანი გერმანულიდან. | ||
| 245 | _c[მთარგ. და რედ. ვიტალი კაკაბაძე] | ||
| 260 | _aთბილისი | ||
| 260 | _bსიახლე | ||
| 260 | _c2010 | ||
| 300 | _a473 გვ. | ||
| 541 | _h16 ლ. | ||
| 653 | _aფსიქოანალიზი | ||
| 942 | _cBK | ||
| 999 |
_c36599 _d36599 |
||